000 00461cam a2200181 4500
001 D8599
008 090401t1983 xxu||||| |||| 00| 0 eng d
035 _a(Sirsi) u14011
041 _aeng
050 _a693.97
110 _aScottish Local Authorities Special Housing Group
_92700
245 _aNon-traditional and systems housing bulletin
260 _aEdinburgh
_bSLASH
_c1983
300 _a40p. 30cm
350 _a10
942 _n0
948 _c04/03/1997
999 _c87142
_d87142